[Event "St Petersburg Korchnoi Memorial op"]
[Site "St Petersburg"]
[Date "2024.08.20"]
[Round "6"]
[White "Tolstykh, Kirill"]
[Black "Kurbanov, Marat"]
[Result "1/2-1/2"]
[WhiteElo "1963"]
[BlackElo "1670"]
[PlyCount "143"]
[EventDate "2024.08.17"]
[EventType "swiss"]
[EventRounds "9"]
[EventCountry "RUS"]
[SourceTitle "EXT 2025"]
[Source "ChessBase"]
[SourceDate "2024.10.14"]
[SourceVersion "1"]
[SourceVersionDate "2024.10.14"]
[SourceQuality "1"]

1. d4 Nf6 2. c4 e6 3. g3 d5 4. Nf3 Bd6 5. Bg2 dxc4 6. 0-0 0-0 7. Qc2 a6 8. a4 Nbd7 9. Nbd2 Rb8 10. Nxc4 b6 11. e4 Bb4 12. Nfe5 Bb7 13. Rd1 Nxe5 14. Nxe5 Qe7 15. Bg5 Qd8 16. Bxf6 gxf6 17. Ng4 Be7 18. Rac1 Rc8 19. d5 Qe8 20. Qc3 e5 21. Qf3 Qd8 22. Nh6+ Kh8 23. Qh5 Rb8 24. Bh3 Bc8 25. Bxc8 Qxc8 26. d6 Bd8 27. Nxf7+ Kg7 28. Nxd8 c5 29. b4 Rxd8 30. Rc4 Qe6 31. Rd5 cxb4 32. Rxb4 Rxd6 33. Rc4 Rbd8 34. Rc7+ R6d7 35. Qd1 Rxc7 36. Rxd8 b5 37. Rd6 Qc8 38. Qf3 Rf7 39. axb5 axb5 40. Rb6 Qd7 41. Kg2 Qd2 42. h4 Qh6 43. Rxb5 Qg6 44. Rb6 Rd7 45. Rb4 h5 46. Qe3 Qg4 47. Qb3 Kh6 48. Qe3+ Kg7 49. Ra4 Kh7 50. Ra6 Kg7 51. Ra7 Rxa7 52. Qxa7+ Kg6 53. Qe3 Qe6 54. Qe2 Qc8 55. Qa2 Qc6 56. Qg8+ Kh6 57. Qd5 Qc2 58. Kf3 Kg6 59. Qd7 Kh6 60. Qf5 Kg7 61. Kg2 Qe2 62. Qf3 Qc2 63. g4 hxg4 64. Qxg4+ Kh8 65. Qf5 Qc6 66. h5 Qd6 67. Kg3 Qf8 68. Qg6 Qe7 69. f3 Qf8 70. Qf5 Qh6 71. Kh4 Kg7 72. Kh3 1/2-1/2

[Event "St Petersburg Korchnoi Memorial op"]
[Site "St Petersburg"]
[Date "2023.08.22"]
[Round "7"]
[White "Tolstykh, Kirill"]
[Black "Kildishova, Alina"]
[Result "0-1"]
[WhiteElo "1828"]
[BlackElo "1589"]
[PlyCount "54"]
[EventDate "2023.08.18"]
[EventType "swiss"]
[EventRounds "9"]
[EventCountry "RUS"]
[SourceTitle "CBM 216 Extra"]
[Source "ChessBase"]
[SourceDate "2023.11.30"]
[SourceVersion "1"]
[SourceVersionDate "2023.11.30"]
[SourceQuality "1"]

1. d4 Nf6 2. c4 c5 3. d5 b5 4. cxb5 a6 5. bxa6 Bxa6 6. Nc3 g6 7. e4 Bxf1 8. Kxf1 d6 9. g3 Bg7 10. Nf3 0-0 11. Kg2 Nbd7 12. Qe2 Nb6 13. Bd2 Ra7 14. b3 Qa8 15. a4 Nfd7 16. Ra3 f5 17. Rd1 Kh8 18. Ng5 fxe4 19. Ne6 Rf5 20. Nxg7 Kxg7 21. Nb5 Nxd5 22. Nxa7 e3 23. f3 Ne5 24. Ba5 Rxf3 25. Kg1 Rf2 26. Qxf2 exf2+ 27. Kxf2 Qxa7 0-1

[Event "Chigorin Memorial 28th"]
[Site "St Petersburg"]
[Date "2021.10.25"]
[Round "3"]
[White "Tolstykh, Kirill"]
[Black "Mamatov, Melis"]
[Result "1/2-1/2"]
[WhiteElo "1816"]
[BlackElo "2210"]
[PlyCount "145"]
[EventDate "2021.10.23"]
[EventType "swiss"]
[EventRounds "9"]
[EventCountry "RUS"]
[SourceTitle "EXT 2023"]
[Source "ChessBase"]
[SourceDate "2022.10.05"]
[SourceVersion "1"]
[SourceVersionDate "2022.10.05"]
[SourceQuality "1"]

1. d4 Nf6 2. c4 e6 3. g3 d5 4. Bg2 Be7 5. Nf3 dxc4 6. Qa4+ Bd7 7. Qxc4 Bc6 8. Nc3 0-0 9. 0-0 a6 10. a3 Nbd7 11. Qd3 b5 12. Rd1 Nb6 13. e4 Re8 14. Ng5 e5 15. d5 Bd7 16. Nf3 Bf8 17. b3 Rc8 18. Bb2 Bd6 19. Rac1 Qe7 20. Nb1 Nbxd5 21. exd5 e4 22. Qe3 exf3 23. Qxe7 Rxe7 24. Bxf6 gxf6 25. Bxf3 a5 26. Kg2 Rce8 27. h4 Kg7 28. Kh2 f5 29. b4 axb4 30. axb4 Ra8 31. Rxc7 Ra2 32. Kg2 Bxc7 33. d6 Bxd6 34. Rxd6 Rc2 35. Nd2 Be6 36. Nf1 Bc4 37. Nd2 Rb2 38. Nxc4 bxc4 39. Rc6 Rxb4 40. Bd5 Rd7 41. Rxc4 Rxc4 42. Bxc4 f4 43. Bb5 Rd4 44. Kf3 Kf6 45. g4 Ke5 46. Be8 f6 47. Bf7 Rd3+ 48. Kg2 Rc3 49. Bg8 h6 50. Bh7 Kd4 51. Bf5 Kc4 52. Kf1 Kd4 53. Kg2 Kc5 54. Bg6 Kb4 55. Bf7 Ka3 56. Bd5 Rd3 57. Bf3 Rc3 58. Bd5 Kb2 59. Kf1 Kc1 60. Ke2 Rh3 61. h5 Kc2 62. Be4+ Kc3 63. Bg2 Rd3 64. Be4 Rd2+ 65. Kf3 Kd4 66. Ba8 Ra2 67. Bb7 Ke5 68. Bc6 Ra3+ 69. Kg2 f5 70. Bd7 f3+ 71. Kh3 Kf4 72. gxf5 Ra8 73. Kh2 1/2-1/2